000 01296nam a2200241Ia 4500
001 16295
003 GE_BSU
008 181216s||||||||xx |||||||||||||| ||und||
040 _cGE_BSU
080 _a342.743(479.22)(094.4.072)
100 _aხმალაძე, ვახტანგ,ირაკლი შავიშვილი, დავით ხატიაშვილი
245 _aსაქართველოს საგადასახადო კოდექსის კომენტარები
245 _bმომზადებულია 2005 წლის 25 ოქტომბრის მდგომარეობით
245 _cრედ.: მიხეილ ჯიბუტი,(მთ. რედ.)
260 _aთბილისი
260 _bსაქ. პროფ. ბუღალტერთა და აუდიტორთა ფედერაცია.
260 _c2005
300 _a735გვ;21სმ
541 _h15ლ.
653 _aსამართალი
653 _aსაქართველოს საგადასახადო კოდექსის კომენტარები; საქართველოს საგადასახადო სისტემა;
942 _cBK
999 _c49378
_d49378